000 00348nam a2200133Ia 4500
008 240624s9999 xx 000 0 und d
041 _aeng
082 _a330 SEN
100 _aOXFORD
245 _aAMARTYA SEN AND JEAN DREZE OMNIBUS
260 _c2010
_aNew Delhi
_bOxford University press
300 _aix, : 665 : p. : cm. ; 22
365 _cRS
_b30
999 _c14549
_d14549